| 000 | 01413nam a2200265 i 4500 | ||
|---|---|---|---|
| 003 | DO-SdBNP | ||
| 005 | 20250404104339.0 | ||
| 007 | ta | ||
| 008 | 250404t2024 dr 00| ||spa d | ||
| 020 | _z9789945654271 | ||
| 040 |
_aDO-SdBNP _bspa _cBNPHU _erda |
||
| 082 |
_axxx _bN964 _222 |
||
| 100 | 1 |
_aNúñez Carpio, Marielis _d1996- _eautora _4aut. _987346 |
|
| 245 | 1 | 0 |
_aAprendiendo a volar / _cMarielis Núñez Carpio |
| 264 |
_aSanto Domingo : _bEditorial Santuario, _c2024. |
||
| 300 |
_a53 páginas _c23 cm. |
||
| 336 |
_atexto _btxt _2rdacontent |
||
| 337 |
_asin mediación _bn _2rdamedia |
||
| 338 |
_avolumen _bnc _2rdacarrier |
||
| 500 | _aIncluye datos biográficos de la autora en la solapa de la cubierta. | ||
| 520 | _aEl agradecimiento principal es al Creador de todo el universo Dios Padre. Gracias por el talento otorgado. Luego quisiera agradecer a mi padre biológico que hoy no está con nosotros, pero es una de las razones principales. Luego a mi madre por enseñarme a no rendirme y a dar más de lo que puedo dar. A mi familia en especial a mi madre adoptiva Nuestra Castillo que siempre ha cuidado de mi desde pequeña, a mi hermana Casandra Núñez Ramírez por tanto apoyo a lo largo de mi vida y a cada una de las personas que siempre han sabido lo que me gusta esto, escribir. Gracias de corazón. | ||
| 590 | _aInventariado, 2025/ YL | ||
| 910 | _aYLockward | ||
| 942 |
_2ddc _cLBS1 |
||
| 999 |
_c58617 _d58617 |
||